| 000 | 00528nam a2200169 4500 | ||
|---|---|---|---|
| 001 | 131480 | ||
| 003 | ES-MaACL | ||
| 005 | 20230906194005.0 | ||
| 007 | t| | ||
| 008 | 070214s1952 sp r ||||1| spa d | ||
| 100 | 1 |
_aRodríguez Aguilera, Cesáreo. _998320 |
|
| 245 | 1 | 0 |
_aManual de Derecho de Marruecos / _cCesáreo Rodríguez Aguilera ; prólogo de Manuel de la Plaza. |
| 260 |
_aBarcelona : _bBosch, _c1952. |
||
| 300 |
_a301 p. ; _c23 cm. |
||
| 700 | 1 |
_aPlaza, Manuel de la. _992622 |
|
| 852 |
_aES-MaACL _jD-8011 _bR.32929 |
||
| 999 |
_c131480 _d131480 |
||